Normal view
MARC view
Entry Topical Term
001 - CONTROL NUMBER
- control field: 160670
003 - CONTROL NUMBER IDENTIFIER
- control field: OSt
005 - DATE AND TIME OF LATEST TRANSACTION
- control field: 20220923211521.0
008 - FIXED-LENGTH DATA ELEMENTS
- fixed length control field: 220923|| aca||aabn | a|a d
040 ## - CATALOGING SOURCE
- Original cataloging agency: OSt
- Transcribing agency: OSt
150 ## - HEADING--TOPICAL TERM
- Topical term or geographic name entry element: आदिवासी समाज
670 ## - SOURCE DATA FOUND
- Source citation: Work cat.: (OSt)300329: गोंड़, रवि कुमार, संपा., समकालीन विमर्श* मुद्दे और बहस* स्त्री, दलित एवं आदिवासी के संदर्भ में, 2014
